| 000 | 00694nam a22002537a 4500 | ||
|---|---|---|---|
| 001 | BR9503753 | ||
| 003 | BR-BrBNA | ||
| 005 | 20230928094449.0 | ||
| 007 | ta | ||
| 008 | 230509b bl.||||| |||| 00| 0 por d | ||
| 040 |
_aBR-BrBNA _bpor _cBiblioteca Nacional de Agricultura |
||
| 041 | _a163 p. | ||
| 072 | _aF70 | ||
| 090 | _ F70 BR9503753 | ||
| 100 | 1 | _aBarreto, I.S. | |
| 110 | 1 | _aUniversidade Federal Rural de Pernambuco, Recife (Brasil) | |
| 245 | 1 | _aCatalogo do Herbario. "Prof. Vasconcelos Sobrinho; vol. 1 - Algae | |
| 260 | 3 |
_aRecife, PE (Brasil): _c1985. |
|
| 500 | _a(Por) | ||
| 650 | _aHerbario | ||
| 650 | _aAlga | ||
| 909 |
_a202309 _bLucia _c55 _dLucia Elande |
||
| 942 | _cBK | ||
| 999 |
_c50865 _d50865 |
||